Bricks matter the role of supply chains in building market-driven differentiation /

Bibliographic Details
Main Author: Cecere, Lora M.
Corporate Author: ProQuest (Firm)
Other Authors: Chase, Charles W.
Format: Electronic eBook
Language:English
Published: Hoboken : Wiley, 2012.
Series:Wiley and SAS business series.
Subjects:
Online Access:Click to View
LEADER 01650nam a2200397 a 4500
001 EBC875829
003 MiAaPQ
005 20200520144314.0
006 m o d |
007 cr cn|||||||||
008 121011s2012 njua sb 001 0 eng d
010 |z  2012037486 
020 |z 9781118218310 (cloth) 
020 |a 9781118284728 (electronic bk.) 
035 |a (MiAaPQ)EBC875829 
035 |a (Au-PeEL)EBL875829 
035 |a (CaPaEBR)ebr10641867 
035 |a (CaONFJC)MIL424027 
035 |a (OCoLC)812729688 
040 |a MiAaPQ  |c MiAaPQ  |d MiAaPQ 
050 4 |a HD38.5  |b .C343 2012 
082 0 4 |a 658.7  |2 23 
100 1 |a Cecere, Lora M. 
245 1 0 |a Bricks matter  |h [electronic resource] :  |b the role of supply chains in building market-driven differentiation /  |c Lora M. Cecere, Charles W. Chase. 
260 |a Hoboken :  |b Wiley,  |c 2012. 
300 |a xvi, 303 p. :  |b ill. 
490 1 |a Wiley & SAS business series 
504 |a Includes bibliographical references and index. 
505 0 |a Foreword -- Preface -- Bricks matter -- Building value networks -- The new world of demand management : demand sensing, shaping, and translation -- The new world of supply management -- About the authors -- Index. 
533 |a Electronic reproduction. Ann Arbor, MI : ProQuest, 2015. Available via World Wide Web. Access may be limited to ProQuest affiliated libraries. 
650 0 |a Business logistics. 
655 4 |a Electronic books. 
700 1 |a Chase, Charles W. 
710 2 |a ProQuest (Firm) 
830 0 |a Wiley and SAS business series. 
856 4 0 |u https://ebookcentral.proquest.com/lib/matrademy/detail.action?docID=875829  |z Click to View